| 000 | 01047ngm a22003610a 4500 | ||
|---|---|---|---|
| 001 | PT16373 | ||
| 003 | AR-LpoUNG | ||
| 005 | 20210202000203.0 | ||
| 007 | vd cvaizq | ||
| 008 | 191001ss. f||||sp |||||||||||||||||spa d | ||
| 037 | _c$10 | ||
| 040 |
_aAR-LpoUNG _bspa _cAR-LpoUNG _eaacr |
||
| 041 | _aspa | ||
| 044 | _asp | ||
| 082 | 0 | _a972.85 775san | |
| 100 | 1 |
_aLitti, Miguel _edir. |
|
| 245 | 1 | 0 | _aSandino |
| 260 |
_aMadrid : _bSuevia Films, _cs.f.. |
||
| 300 | _aVHS (100 min.) : son., col. | ||
| 505 | 0 | _aMúsica: Joaquín Bello. | |
| 520 | _aEl film relata la vida de Sandino y se introduce en el enfrentamiento que las tropas rebeldes nicaraguenses libraron contra las fuerzas de ocupación norteamericanas. | ||
| 650 | 4 | _aBIOGRAFIAS | |
| 650 | 4 | _aCAMBIO SOCIAL | |
| 650 | 4 | _aINDEPENDENCIA | |
| 650 | 4 | _aMOVIMIENTOS DE LIBERACION NACIONAL | |
| 650 | 4 | _aNICARAGUA | |
| 650 | 4 | _aREVOLUCION | |
| 651 | 4 | _aNicaragua | |
| 653 | _aVIDEOS | ||
| 710 | 2 | _aTelevisión Española (Madrid) | |
| 905 | _a16373 | ||
| 942 | _cVIDEO | ||
| 999 |
_c54295 _d54295 |
||